| 000 | 00000cas 2200000zi 4500 |
| 001 | 9.913828 |
| 003 | CaOODSP |
| 005 | 20251211101808 |
| 006 | m o d f |
| 007 | cr ||||||||||| |
| 008 | 220727c20099999mbcar p o f0###a0eng|d |
| 040 | |aCaOODSP|beng|erda|cCaOODSP |
| 043 | |an-cn--- |
| 086 | 1 |aNM102-1E-PDF |
| 110 | 2 |aCanadian Museum for Human Rights.|eauthor,|eissuing body. |
| 245 | 10|aSummary of corporate plan and operating and capital budgets ... to ... / |cCanadian Museum for Human Rights. |
| 246 | 13|aSummary corporate plan ... to ... operating and capital budgets ... |
| 246 | 13|aSummary of the ... to ... corporate plan and the ... operating and capital budgets |
| 246 | 13|aSummary of the CMHR ... to ... corporate plan and the ... operating and capital budgets |
| 264 | 1|aWinnipeg, Manitoba : |bCanadian Museum for Human Rights = Musée canadien des droits de la personne, |c[2008]- |
| 310 | |aAnnual |
| 336 | |atext|btxt|2rdacontent |
| 337 | |acomputer|bc|2rdamedia |
| 338 | |aonline resource|bcr|2rdacarrier |
| 362 | 1 |aBegan with : 2008/09-2012/13. |
| 500 | |aIssued also in French under title: Résumé du plan directeur et budgets de fonctionnement et d'immobilisations de ... à ... . |
| 588 | |aDescription based on: 2008/09-2012/13. |
| 588 | |aLatest issue consulted: 2021/22-2025/26. |
| 610 | 20|aCanadian Museum for Human Rights|xAppropriations and expenditures|vPeriodicals. |
| 655 | 7|aPeriodicals|2lcgft |
| 775 | 08|tRésumé du plan directeur et budgets de fonctionnement et d'immobilisations de ... à ... / |w(CaOODSP)9.913829 |
| 775 | 08|tSommaire du plan d'affaires et des budgets d'opérations et de capitalisation pour ... à ... / |w(CaOODSP)9.913851 |
| 775 | 08|tSommaire du plan d’entrerprise de … à … budgets de fonctionnement et d’immobilisations …. / |w(CaOODSP)9.913863 |